000 00605nam a2200169 i 4500
001 37610
003 ES-MaACL
005 20250828215203.0
007 t|
008 030221s1868 sp ||||1| spa d
100 1 _aCaballero, Fermín,
_d1800-1876
_933078
245 1 0 _aNoticias biográficas y biliográficas del ábate D. Lorenzo Hervás y Panduro /
_cFermín Caballero.
260 _aMadrid :
_b[s.n.],
_c1868 (
_fImp. del Colegio de Sordo-Mudos y de Ciegos)
600 1 4 _aHervás, Lorenzo,
_d1735-1809
_963423
852 _aES-MaACL
_jT-1276-F-6
999 _c37610
_d37610